<?xml version="1.0" encoding="UTF-8"?>
<record
    xmlns:xsi="http://www.w3.org/2001/XMLSchema-instance"
    xsi:schemaLocation="http://www.loc.gov/MARC21/slim http://www.loc.gov/standards/marcxml/schema/MARC21slim.xsd"
    xmlns="http://www.loc.gov/MARC21/slim">

  <leader>00583nam a2200205 a 4500</leader>
  <controlfield tag="001">BRCA_5934</controlfield>
  <controlfield tag="005">20190320205252.0</controlfield>
  <controlfield tag="008">220311s1934----mx-######w---#000-0#spa-#</controlfield>
  <datafield tag="041" ind1=" " ind2=" ">
    <subfield code="a">spa</subfield>
  </datafield>
  <datafield tag="044" ind1=" " ind2=" ">
    <subfield code="a">mx</subfield>
  </datafield>
  <datafield tag="050" ind1=" " ind2="4">
    <subfield code="a">KGF1295</subfield>
    <subfield code="p">.A311934</subfield>
    <subfield code="b">L49</subfield>
  </datafield>
  <datafield tag="245" ind1="1" ind2="0">
    <subfield code="a">Ley General de Sociedades Mercantiles.</subfield>
    <subfield code="c">C&#xE1;mara Nacional de Comercio de la Cd. de M&#xE9;xico.</subfield>
  </datafield>
  <datafield tag="260" ind1=" " ind2=" ">
    <subfield code="a">M&#xE9;xico</subfield>
    <subfield code="b">C&#xE1;mara Nacional de Comercio</subfield>
    <subfield code="c">1934</subfield>
  </datafield>
  <datafield tag="300" ind1=" " ind2=" ">
    <subfield code="a">89 p.</subfield>
    <subfield code="c">15 cm.</subfield>
  </datafield>
  <datafield tag="500" ind1=" " ind2=" ">
    <subfield code="a">H165</subfield>
  </datafield>
  <datafield tag="650" ind1="1" ind2="4">
    <subfield code="a">Finanzas</subfield>
    <subfield code="z">M&#xE9;xico</subfield>
    <subfield code="9">14605</subfield>
  </datafield>
  <datafield tag="650" ind1="1" ind2="4">
    <subfield code="a">Sociedades Mercantiles</subfield>
    <subfield code="9">14988</subfield>
  </datafield>
  <datafield tag="902" ind1=" " ind2=" ">
    <subfield code="a">GFM</subfield>
  </datafield>
  <datafield tag="942" ind1=" " ind2=" ">
    <subfield code="2">lcc</subfield>
    <subfield code="c">B</subfield>
  </datafield>
  <datafield tag="999" ind1=" " ind2=" ">
    <subfield code="c">5623</subfield>
    <subfield code="d">5623</subfield>
  </datafield>
  <datafield tag="952" ind1=" " ind2=" ">
    <subfield code="0">0</subfield>
    <subfield code="1">0</subfield>
    <subfield code="4">0</subfield>
    <subfield code="7">0</subfield>
    <subfield code="a">BRCA</subfield>
    <subfield code="b">BRCA</subfield>
    <subfield code="d">2011-03-22</subfield>
    <subfield code="i">H165</subfield>
    <subfield code="l">0</subfield>
    <subfield code="o">KGF1295 L49 .A311934 (H165)</subfield>
    <subfield code="p">6373</subfield>
    <subfield code="r">2019-03-22 00:00:00</subfield>
    <subfield code="w">2019-03-22</subfield>
    <subfield code="y">B</subfield>
  </datafield>
</record>
